000
00293nam a22001217a 4500
008
180606b xxu||||| |||| 00| 0 eng d
041
_a
eng
080
_a
043.3
100
_a
0
101
_a
MBE-MTH
245
_a
Business communication management in ETC Company
_c
Shkodra,E
942
_2
udc
_c
BK
999
_c
46478
_d
46478